000 00301nam a22001337a 4500
008 171103b xxu||||| |||| 00| 0 eng d
020 _a9781426626449
041 _aeng
080 _23 ED
_a339.138
100 _a60
101 _aMAR
245 _aESSENTIALS OF MARKETING
_cDANA.N
942 _2udc
_cBK
999 _c37424
_d37424